000 01882nam a2200409 i 4500
001 196855
003 ES-MaACL
005 20251123063313.0
008 250108b2024 sp ||||| |||| 00| 0 spa d
017 _aM 26450-2024
_bOficina Depósito Legal Madrid
020 _a978-84-09-67453-4
040 _aES-MaACL
_bspa
_cES-MaACL
_erda
080 _a329(460)"19/20"
080 _a330.85
100 1 _9240377
_aMarco, Raúl,
_d1936-2020
_eaut
245 1 0 _aTextos escogidos de Raúl Marco :
_bTomo II: La lucha del partido comunista de España (Marxista-Leninista) /
_cRaúl Marco, selección de textos de Lola Val y Carlos Hermida ; digitalización, diseño y maquetación de Titika Apostolaki.
264 1 _a[Madrid]
_bPCE,
_c[2024]
300 _a485 páginas :
_bilustraciones (blanco y negro) ;
_c24 cm
336 _2rdacontent
_atexto
337 _2rdamedia
_asin mediación
338 _2rdacarrier
_avolumen
490 1 _aTextos escogidos de Raúl Marco ;
_v2
500 _aÍndice
610 0 4 _96135
_aPartido Comunista de España
650 4 _911217
_aComunismo-
_zEspaña
655 4 _aArtículos
_9175745
700 _9240378
_aHermida Revillas, Carlos
_epbl
700 _9240379
_aVal, Lola
_epbl
852 _aES-MaACL
_cDEPOJ
_jN-10318
_gDedicatoria autógrafa de Lola Val y Carlos Hermida
_hDonación: Lola Val; Carlos Hermida
_xEncuadernación rústica
_9205414
852 _aES-MaACL
_cDEPOJ
_jA-15832
_gDedicatoria autógrafa de Lola Val y Carlos Hermida
_hDonación: Lola Val; Carlos Hermida
_xEncuadernación rústica
_9206896
903 _9240378
_aHermida Revillas, Carlos
_ednr
903 _9240379
_aVal, Lola
_ednr
942 _cMONOGRAFIA
_n0
999 _c196855
_d196855